[Event "Niedersachsen-ch op-B"]
[Site "Verden an der Aller"]
[Date "2020.01.03"]
[Round "4"]
[White "Kruse, Hannes"]
[Black "Soelter, Thomas"]
[Result "1-0"]
[WhiteElo "1414"]
[BlackElo "1584"]
[PlyCount "67"]
[EventDate "2020.01.02"]
[EventType "swiss"]
[EventRounds "7"]
[EventCountry "GER"]
[SourceTitle "EXT 2023"]
[Source "ChessBase"]
[SourceDate "2022.10.05"]
[SourceVersion "1"]
[SourceVersionDate "2022.10.05"]
[SourceQuality "1"]

1. e4 c5 2. Nc3 Nc6 3. Bc4 e6 4. d3 Nf6 5. f4 d5 6. Bb3 dxe4 7. Nxe4 Nxe4 8. dxe4 Qxd1+ 9. Kxd1 Nd4 10. Bc4 b5 11. Bf1 a6 12. c3 Nc6 13. Nf3 Bb7 14. e5 Rd8+ 15. Ke1 Be7 16. Be3 0-0 17. Be2 c4 18. Kf2 Na5 19. Bb6 Nc6 20. Bxd8 Rxd8 21. Rhd1 Bc5+ 22. Kg3 Rb8 23. Nd4 Nxd4 24. cxd4 Bb6 25. Bf3 Bxf3 26. Kxf3 Rd8 27. Ke4 Kf8 28. d5 exd5+ 29. Rxd5 Rxd5 30. Kxd5 Ke7 31. f5 Kd7 32. e6+ fxe6+ 33. fxe6+ Ke7 34. Rf1 1-0

[Event "GER-ch U25-B"]
[Site "Willingen"]
[Date "2019.06.09"]
[Round "1"]
[White "Kruse, Hannes"]
[Black "Raasch, Hauke"]
[Result "1-0"]
[WhiteElo "1362"]
[BlackElo "1614"]
[PlyCount "55"]
[EventDate "2019.06.08"]
[EventType "swiss"]
[EventRounds "9"]
[EventCountry "GER"]
[SourceTitle "CBM 191 Extra"]
[Source "ChessBase"]
[SourceDate "2019.09.30"]
[SourceVersion "1"]
[SourceVersionDate "2019.09.30"]
[SourceQuality "1"]

1. e4 d6 2. d4 g6 3. Nc3 Bg7 4. Nf3 c6 5. Bc4 h6 6. h3 b5 7. Bb3 a5 8. a3 Qb6 9. 0-0 Ba6 10. Re1 Nd7 11. e5 dxe5 12. dxe5 e6 13. Ne4 Bf8 14. Nd6+ Bxd6 15. exd6 0-0-0 16. Ne5 Nxe5 17. Rxe5 g5 18. Be3 Qb7 19. Rc5 Qd7 20. Qd4 f6 21. Bxe6 Qxe6 22. Rxc6+ Kd7 23. Rxa6 Ke8 24. Re1 Kf8 25. Bd2 Qd7 26. Bxa5 Re8 27. Rxe8+ Qxe8 28. d7 1-0

[Event "Niedersachsen-ch op C"]
[Site "Verden"]
[Date "2019.01.06"]
[Round "7"]
[White "Schons, Lucca"]
[Black "Kruse, Hannes"]
[Result "0-1"]
[WhiteElo "1061"]
[BlackElo "1303"]
[PlyCount "42"]
[EventDate "2019.01.03"]
[EventType "swiss"]
[EventRounds "7"]
[EventCountry "GER"]
[SourceTitle "EXT 2022"]
[Source "ChessBase"]
[SourceDate "2021.10.06"]
[SourceVersion "1"]
[SourceVersionDate "2021.10.06"]
[SourceQuality "1"]

1. c4 e5 2. g3 Nf6 3. Bg2 Bc5 4. e3 Nc6 5. Ne2 Qe7 6. d4 exd4 7. Bxc6 dxc6 8. Nxd4 Bg4 9. Qb3 Bxd4 10. Qxb7 0-0 11. Qxc6 Bf5 12. 0-0 Be4 13. Qb5 Bb6 14. Nc3 Bf3 15. Qf5 Bg4 16. Nd5 Nxd5 17. Qxg4 Nf6 18. Qf3 Rad8 19. b3 Ne4 20. Rd1 Rxd1+ 21. Qxd1 Qf6 0-1

[Event "Niedersachsen-ch op C"]
[Site "Verden"]
[Date "2018.01.04"]
[Round "2"]
[White "Hubert, Nikita"]
[Black "Kruse, Hannes"]
[Result "0-1"]
[WhiteElo "867"]
[BlackElo "1041"]
[PlyCount "146"]
[EventDate "2018.01.04"]
[EventType "swiss"]
[EventRounds "7"]
[EventCountry "GER"]
[SourceTitle "EXT 2022"]
[Source "ChessBase"]
[SourceDate "2021.10.06"]
[SourceVersion "1"]
[SourceVersionDate "2021.10.06"]
[SourceQuality "1"]

1. e4 e5 2. Nf3 Nc6 3. Nc3 Bc5 4. Nxe5 Nxe5 5. d4 Bxd4 6. Qxd4 d6 7. Bd3 Nf6 8. Bg5 Be6 9. 0-0 h6 10. Bf4 0-0 11. Bxe5 dxe5 12. Qxe5 Ng4 13. Qf4 Qe7 14. Nd5 Qd6 15. Qg3 Qxg3 16. hxg3 Bxd5 17. exd5 Rad8 18. c4 Ne5 19. Be2 c6 20. Rad1 Rd7 21. dxc6 Rxd1 22. Rxd1 Nxc6 23. b3 Re8 24. Bf3 g5 25. Bxc6 bxc6 26. Rd6 Re2 27. Rxc6 Rxa2 28. Rc8+ Kg7 29. Ra8 Rb2 30. Rxa7 Rxb3 31. Rc7 h5 32. Kh2 Kg6 33. Kh3 Rb1 34. Kh2 Rc1 35. c5 f6 36. c6 Rc2 37. f3 f5 38. f4 Rc4 39. Rc8 Kg7 40. fxg5 Rg4 41. c7 Rc4 42. Kh3 Rc1 43. Kh2 Kf7 44. g6+ Kg7 45. g4 fxg4 46. Kg3 Rc3+ 47. Kh4 Rc5 48. Kg3 Rc6 49. Kf4 Rc3 50. Kg5 Rc5+ 51. Kf4 Rc6 52. Kf5 Rc2 53. Ke4 h4 54. Kf4 Rc4+ 55. Ke3 h3 56. Kf2 h2 57. Kg3 h1Q 58. Kf2 Qh4+ 59. Ke2 Qg3 60. Rd8 Rxc7 61. Rd3 Qxg2+ 62. Ke3 Re7+ 63. Kf4 Qf2+ 64. Kg5 Qf6+ 65. Kxg4 Qxg6+ 66. Kf4 Qxd3 67. Kg5 Ra7 68. Kg4 Qb5 69. Kf4 Ra4+ 70. Ke3 Qb3+ 71. Kd2 Ra2+ 72. Kc1 Qb2+ 73. Kd1 Ra1# 0-1